000 00296nam a22001337a 4500
008 170831b xxu||||| |||| 00| 0 eng d
020 _a9780395873717
041 _aeng
080 _28TH
_a070
100 _a40
101 _aMED
245 _aBROADCASTING IN AMERICA
_cHEAD,S.W
942 _2udc
_cBK
999 _c25696
_d25696